书目信息 |
| 题名: |
李梦阳集校笺
|
|
| 作者: | 李梦阳 著 ;郝润华 校 | |
| 分册: | 二 | |
| 出版信息: | 北京 中华书局 2020 |
|
| 页数: | 365-824页 | |
| 开本: | 21cm | |
| 丛书名: | 中国古典文学基本丛书 | |
| 单 册: | ||
| 中图分类: | I214.82 | |
| 科图分类: | ||
| 主题词: | 中国文学--zhong guo wen xue--古典文学--作品综合集--明代 | |
| 电子资源: | ||
| ISBN: | 978-7-101-13667-8 | |
| 000 | 01231oam2 2200265 450 | |
| 001 | 011029202418 | |
| 005 | 20211031090204.33 | |
| 010 | @a978-7-101-13667-8@dCNY52.00(全5册260.00) | |
| 100 | @a20190120d2020 em y0chiy0110 ea | |
| 101 | 0 | @achi |
| 102 | @aCN@b110000 | |
| 105 | @ay z 000yy | |
| 106 | @ar | |
| 200 | 1 | @a李梦阳集校笺@Ali meng yang ji jiao jian@h二@f(明) 李梦阳著@g郝润华校 |
| 210 | @a北京@c中华书局@d2020 | |
| 215 | @a365-824页@d21cm | |
| 225 | 2 | @a中国古典文学基本丛书@Azhong guo gu dian wen xue ji ben cong shu |
| 330 | @a李梦阳作为明代重要文学流派“前七子”领袖,文名早著,广交文友,对明代文学的发展起了重要作用。《李梦阳集校笺》以明万历三十年邓云霄、潘之恒校刻本《空同子集》为底本,并补遗诗五十五首、文八篇。每篇诗文后附校勘记、笺证、集评,加标专名线。另撰前言对李梦阳文学创作及理论加以述评,详细考述李梦阳集的编纂、流传及版本情况。末附有关生平传记资料、历代序跋与版本题跋记,乃至书信及唱和酬答诗作。 | |
| 461 | 0 | @12001 @a中国古典文学基本丛书 |
| 606 | 0 | @a中国文学@Azhong guo wen xue@x古典文学@j作品综合集@z明代 |
| 690 | @aI214.82@v5 | |
| 701 | 0 | @c(明)@a李梦阳@Ali meng yang@4著 |
| 702 | 0 | @a郝润华@Ahao run hua@4校 |
| 801 | 0 | @aCN@b百万庄@c20211029 |
| 905 | @b1312555-56@dI214.82@e1107:2@f2 | |
| 李梦阳集校笺.二/(明) 李梦阳著/郝润华校.-北京:中华书局,2020 |
| 365-824页;21cm.-(中国古典文学基本丛书) |
| ISBN 978-7-101-13667-8:CNY52.00(全5册260.00) |
| 李梦阳作为明代重要文学流派“前七子”领袖,文名早著,广交文友,对明代文学的发展起了重要作用。《李梦阳集校笺》以明万历三十年邓云霄、潘之恒校刻本《空同子集》为底本,并补遗诗五十五首、文八篇。每篇诗文后附校勘记、笺证、集评,加标专名线。另撰前言对李梦阳文学创作及理论加以述评,详细考述李梦阳集的编纂、流传及版本情况。末附有关生平传记资料、历代序跋与版本题跋记,乃至书信及唱和酬答诗作。 |
| ● |
| 相关链接 |
|
|
|
|
正题名:李梦阳集校笺
索取号:I214.82/1107:2
 
预约/预借
| 序号 | 登录号 | 条形码 | 馆藏地/架位号 | 状态 | 备注 |
| 1 | 1312555 | 213125553 | 第一样本阅览室/ [索取号:I214.82/1107:2] | 在馆 | |
| 2 | 1312556 | 213125562 | 第二借阅区/ [索取号:I214.82/1107:2] | 在馆 |